Central Library OPAC University of Rajshahi
Normal view MARC view

Entry Personal Name

Number of records used in: 2

001 - CONTROL NUMBER

  • control field: 10383

003 - CONTROL NUMBER IDENTIFIER

  • control field: BD-RjUL

005 - DATE AND TIME OF LATEST TRANSACTION

  • control field: 20231206160112.0

008 - FIXED-LENGTH DATA ELEMENTS

  • fixed length control field: 231206|| aca||aabn | a|a d

040 ## - CATALOGING SOURCE

  • Original cataloging agency: BD-RjUL
  • Transcribing agency: BD-RjUL

100 ## - HEADING--PERSONAL NAME

  • Personal name: Islam, Mohammed Rafiqul

670 ## - SOURCE DATA FOUND

  • Source citation: Work cat.: (BD-RjUL)82419: Islam, Mohammed Rafiqul, CHARACTERIZATION OF SELECTED TEXTILE DYEING EFFLUENTS AND THEIR TREATMENT BY ADSORPTION AND COAGULATION /, 2022